Interpersonal stressors, and negative affect in individuals with borderline personality disorder and community adults in daily life: A replication and extension / (Record no. 361853)
[ view plain ]
| 000 -LEADER | |
|---|---|
| fixed length control field | 00787nam a2200193Ia 4500 |
| 008 - FIXED-LENGTH DATA ELEMENTS--GENERAL INFORMATION | |
| fixed length control field | 190511s9999 xx 000 0 und d |
| 100 ## - MAIN ENTRY--PERSONAL NAME | |
| Personal name | Hepp, Johanna |
| 245 ## - TITLE STATEMENT | |
| Title | Interpersonal stressors, and negative affect in individuals with borderline personality disorder and community adults in daily life: A replication and extension / |
| 245 ## - TITLE STATEMENT | |
| Statement of responsibility, etc | Johanna Hepp, Sean P. Lane, Andrea M. Wycoff, Ryan W. Carpenter, and Timothy J. Trull.-- |
| 260 ## - PUBLICATION, DISTRIBUTION, ETC. (IMPRINT) | |
| Name of publisher, distributor, etc | American Psychological Association |
| 260 ## - PUBLICATION, DISTRIBUTION, ETC. (IMPRINT) | |
| Date of publication, distribution, etc | 2018 |
| 300 ## - PHYSICAL DESCRIPTION | |
| Extent | Pages 183-189, February 2018 |
| 440 ## - SERIES STATEMENT/ADDED ENTRY--TITLE | |
| Title | Journal of Abnormal Psychology |
| Volume number/sequential designation | 127(2) |
| 650 ## - SUBJECT ADDED ENTRY--TOPICAL TERM | |
| Topical term or geographic name as entry element | Borderline personality disorder |
| 650 ## - SUBJECT ADDED ENTRY--TOPICAL TERM | |
| Topical term or geographic name as entry element | Interpersonal problems |
| 650 ## - SUBJECT ADDED ENTRY--TOPICAL TERM | |
| Topical term or geographic name as entry element | Negative affect |
| 650 ## - SUBJECT ADDED ENTRY--TOPICAL TERM | |
| Topical term or geographic name as entry element | Rejection |
| 856 ## - ELECTRONIC LOCATION AND ACCESS | |
| Uniform Resource Identifier | <a href="www.apa.org/pubs/journals/abn">www.apa.org/pubs/journals/abn</a> |
| Withdrawn status | Lost status | Damaged status | Home library | Current library | Date acquired | Total Checkouts | Date last seen | Price effective from | Koha item type |
|---|---|---|---|---|---|---|---|---|---|
| College Library | College Library | 05/11/2019 | 05/11/2019 | 05/11/2019 | Periodicals |